Автоматизация рудничных вентиляционных установок; Научно-техническая конференция в связи с сорокалетним юбилеем учебно-научной деятельности института

Bibliografiske detaljer
Parent link:Научно-техническая конференция в связи с сорокалетним юбилеем учебно-научной деятельности института.— 1940.— С. 86-87
Hovedforfatter: Ксюнин Г. П.
Sprog:russisk
Udgivet: 1940
Fag:
Format: MixedMaterials Book Chapter
KOHA link:https://koha.lib.tpu.ru/cgi-bin/koha/opac-detail.pl?biblionumber=177242

MARC

LEADER 00000naa2a2200000 4500
001 177242
005 20231031165607.0
035 |a (RuTPU)RU\TPU\book\192149 
035 |a RU\TPU\tpu\6159 
090 |a 177242 
100 |a 20100312d1940 k y0rusy50 ca 
101 0 |a rus 
102 |a RU 
200 1 |a Автоматизация рудничных вентиляционных установок  |f Г. П. Ксюнин 
463 0 |0 (RuTPU)RU\TPU\book\191963  |t Научно-техническая конференция в связи с сорокалетним юбилеем учебно-научной деятельности института  |o тезисы докладов  |f Томский индустриальный институт (ТИИ) ; под ред. К. Н. Шмаргунова  |v С. 86-87  |d 1940  |p 184 с. 
610 1 |a горное дело 
610 1 |a труды учёных ТПУ 
700 1 |a Ксюнин  |b Г. П. 
801 0 |a RU  |b 63413507  |c 20011210  |g PSBO 
801 2 |a RU  |b 63413507  |c 20100317  |g PSBO 
942 |c BK